1008 1751 1719 1840 1591 1827 1090 1779 1356 1671 1943 1770 1212 1033 1081 1955 1039 1810 1700 1120 1830 1867 1473 1432 1836 1591 1018 1590 1089 1815 1263 1261 1474 1060 1719 1464 1127 1468 1977 1429 1003 1590 1380 1253 1802 1640 1837 1367 1971 1484 1608 1238 1279 1335 1608 1066 1784 1634 1836 1633 1956 1703 1173 1102 1498 1835 1534 1841 1781 1068 1940 2000 1792 1887 1520 1265 1793 1267 1038 1111 1955 1642 1019 1302 1658 1187 1507 1320 1820 1927 1727 1816 1160 1486 1452 1735 1544 1896 1859 BCNSPRNW ULIB Ver.6.0+V

เปลี่ยนเป็นภาษาไทย

Change to English
 แสดงรายละเอียดบรรณานุกรม
  กลับหน้าหลัก

Brief Record : Get Marc (ISO 2709) : E-mail record : QR code < ปิดหน้าต่าง
LEADER : 00000nam 2200000uu 4500
001    13399110418
003     ULIB
008    110526s2550||||th 000 0 tha d
020    9789744140074
050  4 HD30.3^bว417ก
100 1  วัทกินส์, ไมเคิล,^d1956-
245 10 กลยุทธ์คุมเกมการต่อรอง =^bShaping the game :คู่มือพัฒนาทักษะที่สำคัญสำหรับ ผู้นำ เพื่อการ เอาชนะ และควบคุมทุกเกมการต่อรอง /^cโดย Michael Watkins ; แปลและเรียบเรียงโดย, ณัฐยา สินตระการผล
246 31 Shaping the game
250    พิมพ์ครั้งที่ 1
260    กรุงเทพฯ :^bเอ็กซเปอร์เน็ท,^c2550
300    231 หน้า :^bภาพประกอบ ;^c24 ซม.
440  0 ชุด "หนังสือดีจากฮาร์วาร์ด"
650  7 การแก้ปัญหา
650  7 การเจรจาต่อรอง
650  7 การโน้มน้าวใจ
650  7 การสื่อสารในการจัดการ
650  7 ความสามารถทางการบริหาร
700 0  ณัฐยา สินตระการผล,^eผู้แปล
700 1  Watkins, Michael,^d1956-.^tShaping the game : the newleader s guide to effective negotiating
945    ^p250^l0^i18168
995    เกษร
999    ^aใช้งานได้ทุกระบบ
รายการนี้ยังไม่มีแท็ก
คุณยังไม่ได้ล็อกอิน คุณสามารถมีกิจกรรมร่วมกับเว็บไซต์ได้ แต่ต้องล็อกอินก่อน ::
  ล็อกอิน

รายการสื่อสารสนเทศ

ลำดับที่ ประเภท เลขเรียก/บาร์โค้ด สถานที่ สถานะ
1. วิทยาศาสตร์การแพทย์ และสุขภาพ
วิทยาศาสตร์การแพทย์ และสุขภาพ
HD30.3 ว417ก  
  Barcode: 18168
ห้องสมุดวิทยาเขตสวรรค์ประชารักษ์
►นวนิยาย
บนชั้น
  ขอยืม

รายการใกล้เคียง
    หัวเรื่อง [การแก้ปัญหา]
    หัวเรื่อง [การเจรจาต่อรอง]
    หัวเรื่อง [การโน้มน้าวใจ]
    หัวเรื่อง [การสื่อสารในการจัดการ]
    หัวเรื่อง [ความสามารถทางการบริหาร]

BibComment


ยังไม่เคยถูกคอมเมนท์

คอมเมนท์ทรัพยากรรายการนี้
  คอมเมนท์: กลยุทธ์คุมเกมการต..


 Copyright 2026. Bcnsprnw @Library